<?xml version="1.0" encoding="UTF-8"?>
<record
    xmlns:xsi="http://www.w3.org/2001/XMLSchema-instance"
    xsi:schemaLocation="http://www.loc.gov/MARC21/slim http://www.loc.gov/standards/marcxml/schema/MARC21slim.xsd"
    xmlns="http://www.loc.gov/MARC21/slim">

  <leader>00987nam a22002057a 4500</leader>
  <controlfield tag="005">20141126115250.0</controlfield>
  <controlfield tag="008">141126b2011    ck Il. |r|||| 00| 0 spa d</controlfield>
  <datafield tag="040" ind1=" " ind2=" ">
    <subfield code="c">CO-BoIH</subfield>
  </datafield>
  <datafield tag="041" ind1=" " ind2=" ">
    <subfield code="a">spa</subfield>
  </datafield>
  <datafield tag="044" ind1=" " ind2=" ">
    <subfield code="a">ck</subfield>
  </datafield>
  <datafield tag="090" ind1=" " ind2=" ">
    <subfield code="a">EA</subfield>
    <subfield code="b">00163</subfield>
  </datafield>
  <datafield tag="245" ind1=" " ind2=" ">
    <subfield code="a">Implementaci&#xF3;n T&#xE9;cnica y Participativa del Plan de Restauraci&#xF3;n de las &#xC1;reas Afectadas por Incendios Forestales en el P&#xE1;ramo de Rabanal-Municipio de Samaca : </subfield>
    <subfield code="b">Cartilla Informativa</subfield>
  </datafield>
  <datafield tag="260" ind1=" " ind2=" ">
    <subfield code="a">[Boyac&#xE1;?] :</subfield>
    <subfield code="b">Corporaci&#xF3;n Aut&#xF3;noma Regional de Boyac&#xE1;-CORPOBOYAC&#xC1;,</subfield>
    <subfield code="c">2011.</subfield>
  </datafield>
  <datafield tag="300" ind1=" " ind2=" ">
    <subfield code="a">17 pag.</subfield>
    <subfield code="b">Il., fot (col.)</subfield>
    <subfield code="c">28 cm.</subfield>
  </datafield>
  <datafield tag="504" ind1=" " ind2=" ">
    <subfield code="a">Incluye referencias bibliogr&#xE1;ficas (pag 17)</subfield>
  </datafield>
  <datafield tag="650" ind1=" " ind2=" ">
    <subfield code="a">Prevenci&#xF3;n de incendios forestales </subfield>
    <subfield code="z">P&#xE1;ramo Rabanal (Altiplano Cundiboyacense Dpt. Colombia)</subfield>
    <subfield code="9">29172</subfield>
  </datafield>
  <datafield tag="650" ind1=" " ind2=" ">
    <subfield code="a">Incendios forestales</subfield>
    <subfield code="z">P&#xE1;ramo Rabanal (Altiplano Cundiboyacense Dpt. Colombia)</subfield>
    <subfield code="9">29173</subfield>
  </datafield>
  <datafield tag="650" ind1=" " ind2=" ">
    <subfield code="a">Protecci&#xF3;n del medio ambiente</subfield>
    <subfield code="z">P&#xE1;ramo Rabanal (Altiplano Cundiboyacense Dpt. Colombia)</subfield>
    <subfield code="9">29174</subfield>
  </datafield>
  <datafield tag="942" ind1=" " ind2=" ">
    <subfield code="2">z</subfield>
    <subfield code="c">LIBRO</subfield>
  </datafield>
  <datafield tag="999" ind1=" " ind2=" ">
    <subfield code="c">8825</subfield>
    <subfield code="d">8825</subfield>
  </datafield>
  <datafield tag="952" ind1=" " ind2=" ">
    <subfield code="0">0</subfield>
    <subfield code="1">0</subfield>
    <subfield code="2">z</subfield>
    <subfield code="4">0</subfield>
    <subfield code="7">0</subfield>
    <subfield code="8">EDUAMBIENT</subfield>
    <subfield code="I">INV2017</subfield>
    <subfield code="a">Venado</subfield>
    <subfield code="b">Venado</subfield>
    <subfield code="d">2014-11-26</subfield>
    <subfield code="e">Instituto</subfield>
    <subfield code="g">39000.00</subfield>
    <subfield code="l">0</subfield>
    <subfield code="o">EA-00163</subfield>
    <subfield code="p">034896</subfield>
    <subfield code="r">2014-11-26 00:00:00</subfield>
    <subfield code="t">Ej. 1</subfield>
    <subfield code="w">2014-11-26</subfield>
    <subfield code="x">Donaci&#xF3;n</subfield>
    <subfield code="y">LIBRO</subfield>
  </datafield>
</record>
